Najpopularniejsze wezwania polskich parafii. - Statystyki

Ogólne statystyki
  • Ten quiz został rozwiązany 73 razy
  • Średni wynik to 6 z 20
Statystyki odpowiedzi
Liczba parafii Wezwanie parafii % Poprawnych
298 Świętego Józefa
66%
365 Najświętszego Serca Pana Jezusa
54%
263 Świętego Stanisława
46%
289 Świętych Apostołów Piotra i Pawła
46%
350 Świętego Jana Chrzciciela
44%
287 Świętego Mikołaja
39%
246 Matki Bożej Częstochowskiej
37%
165 Świętego Antoniego
37%
176 Świętego Wojciecha
34%
289 Najświętszej Trójcy
32%
243 Podwyższenia Krzyża Świętego
32%
424 Wniebowzięcia Najświętszej Maryi Panny
29%
156 Świętego Marcina
22%
266 Świętego Michała Archanioła
20%
187 Miłosierdzia Bożego
17%
154 Niepokalanego Poczęcia Najświętszej Maryi Panny
15%
153 Matki Bożej Nieustającej Pomocy
10%
272 Narodzenia Najświętszej Maryi Panny
10%
248 Najświętszej Maryi Panny Królowej Polski
7%
154 Świętego Maksymiliana Kolbego
2%
Nie znaleziono quizów pasujących do podanych kryteriów
Rozkład punktacji
Procent ludzi z każdym wynikiem
Percentyl według liczby udzielonych odpowiedzi
Twoja historia wyników
Nie rozwiązałeś tego quizu